|
|
|
|
| LEADER |
00000nkm a2200000 a 4500 |
| 001 |
vtls011769875 |
| 003 |
SK-MaSNL |
| 005 |
20260512124126.0 |
| 007 |
kp bo |
| 008 |
230718q1905 un g kuslo |
| 015 |
|
|
|a SNBG
|
| 035 |
|
|
|a urn:nbn:sk:snk-km00dnck
|
| 035 |
|
|
|a urn:nbn:sk:snk-km3lzx0
|
| 035 |
|
|
|a 9D6885EC-3214-4491-9468-B77D876C0A44
|
| 040 |
|
|
|a SNK
|b slo
|c SNK
|e AACR2
|
| 041 |
0 |
|
|a slo
|
| 043 |
|
|
|a e-xo---
|
| 044 |
|
|
|a un
|c UA
|
| 072 |
|
7 |
|a 913
|x Regionálna geografia
|2 konspekt
|
| 080 |
|
|
|a 913(437.6)
|2 2011
|
| 080 |
|
|
|a (084.121)
|2 2011
|
| 080 |
|
|
|a 614.2:[725.1:614.21]
|2 2011
|
| 245 |
0 |
0 |
|a Sanatórium pre ženy a deti v Lučivnej pri Poprade, Slovensko
|h grafika
|
| 260 |
|
|
|a Užhorod
|b Lám
|c [medzi 1905 a 1973?]
|
| 300 |
|
|
|a 1 pohľadnica
|b čiernobiela
|c 9 x 14 cm
|
| 500 |
|
|
|a Na pohľadnici uvedené: Majiteľ sanatoria: Zemská úradovňa pre poisťovnaie robotníkov na Slovensku v Bratislave, vláidna budova, medzipatro č. dv. 142. Telefon: Ministerstvo č. 4.
|
| 520 |
8 |
|
|a Zobrazenie: V bielom orámovaní pohľad na zasnežené sanatórium
|
| 650 |
0 |
7 |
|a liečebne
|2 SNKPH
|9 56920
|
| 651 |
|
7 |
|a Lučivná (Slovensko)
|2 SNKPHgeo
|9 38788
|
| 655 |
|
7 |
|a miestne pohľadnice
|2 SNKPH
|9 70510
|
| 852 |
|
|
|a Slovenská národná knižnica
|
| 954 |
|
|
|a pohľadnice pôvodné (slovenské)
|2 lita
|
| 954 |
|
|
|a pohľadnice cudzojazyčné (svetové)
|2 lita
|
| 958 |
|
|
|a GBN
|
| 958 |
|
|
|a OND
|
| 958 |
|
|
|a TL
|
| 958 |
|
|
|a GC
|
| 958 |
|
|
|a EUIPO
|
| 999 |
|
|
|c 857033
|d 858963
|
| 952 |
|
|
|a SNK
|b SNK
|y PREZ
|7 0
|p 17A1240526
|o snkSP 37597
|z Pohľadnica prešla poštou.
|0 0
|1 0
|4 0
|d 2018-07-31
|f 1
|l 0
|r 2026-02-24 05:00:37
|w 2026-02-24
|